000 00581nam a22002297a 4500
003 DO-SdBNP
005 20180315102610.0
008 170731b 20uu sp 0 spa d
040 _aBPMSU
_bspa
_cBPMSU
100 _a
110 _aDisneys
245 _aThe Lion King
_c
260 _aEstados Unidos :
_bThe Wolt Desney ,
_c1994
300 _a[44 ]p. :
_bil. ;
_c21 cm.
490 _aPeca y Lino
500 _aDatos tomados de la cubierta
700 _a
_e
830 _a
942 _2ddc
_cBK
945 _ainventariado, 2018 / dg
956 _aVMATEO
_b10
_c20170731
_dBPMSU
_f0069
999 _c12598
_d12598